| 000 | 00507nam a2200193 i 4500 | ||
|---|---|---|---|
| 001 | 26863 | ||
| 003 | ES-MaACL | ||
| 005 | 20230906153520.0 | ||
| 007 | t| | ||
| 008 | 030110s1964 sp ||||1| spa d | ||
| 100 | 1 |
_aArriano, Flavio. _923278 |
|
| 245 | 1 | 0 |
_aTratado de la caza / _cFlavio Arriano. |
| 260 |
_a[Madrid : _bArco, _c1964] |
||
| 300 |
_a48 p. ; _c24 cm. |
||
| 490 | 1 | _aEl mirlo blanco | |
| 830 | 0 |
_aEl mirlo blanco _9180702 |
|
| 852 |
_aES-MaACL _j2043-F-8 _bR.56061 |
||
| 999 |
_c26863 _d26863 |
||